El siervo de Yahvé, la sufrida resistencia de los pobres, espejo de la justicia de Dios (Registro nro. 49910)
[ vista simple ]
| 000 -LÍDER | |
|---|---|
| Campo fijo de descripción fija | 01003aaa a2200193 i 4500 |
| 001 - NÚMERO DE CONTROL | |
| Campo de control | 768714001 |
| 003 - IDENTIFICADOR DEL NÚMERO DE CONTROL | |
| Campo de control | CO-MdFUSB |
| 005 - FECHA Y HORA DE LA ULTIMA TRANSACCIÓN | |
| control field | 20240207084737.0 |
| 008 - ELEMENTOS DE LONGITUD FIJA -- INFORMACIÓN GENERAL | |
| Campo fijo de descripción fija -- Información general | 221104s2003 sp ||||| |||| 00| 0 spa s |
| 040 ## - FUENTE DE CATALOGACIÓN | |
| Idioma de catalogación | spa |
| Agencia que realiza la transcripción | CO-MdFUSB |
| Agencia que realiza la modificación | CO-MdFUSB |
| 041 ## - CÓDIGO DE IDIOMA | |
| Código de idioma para texto/pista de sonido o título separado | spa |
| 100 1# - ASIENTO PRINCIPAL--NOMBRE PERSONAL | |
| Nombre personal | Mesters, Carlos |
| Término relacionador | autor |
| 245 10 - TÍTULO | |
| Título | El siervo de Yahvé, la sufrida resistencia de los pobres, espejo de la justicia de Dios |
| Mención de responsabilidad | / Carlos Mesters |
| 300 ## - DESCRIPCIÓN FÍSICA | |
| Extensión | Número 299 (febrero 2003), Páginas 75 - 84 |
| Dimensiones | ; 21 cm |
| 520 ## - NOTA DE RESUMEN, ETC. | |
| Nota de sumario, etc. | En los cánticos del Siervo, Dios muestra su preferencia por los pobres y les confiere una misión importante para el futuro de la humanidad, misión para lo que sólo ellos, los oprimidos, tienen las condiciones para realizarla. Los cánticos son una especia de cartilla para ayudar a los oprimidos, los de ayer y los de hoy, a descubrir y a asumir su misión. |
| 650 #7 - ASIENTO SECUNDARIO DE MATERIA - TERMINO TEMÁTICO | |
| 9 (RLIN) | 2116 |
| Término temático o nombre geográfico como elemento de entrada | Justicia |
| 773 0# - ASIENTO DE ITEM FUENTE | |
| Título | Concilium |
| Biblionumber | 49450 |
| Itemnumber | 60414 |
| Parte(s) relacionada(s) / Volumen., número. (mes año), páginas | Número 299 (febrero 2003), Páginas 75 - 84 |
| Enumeración y primera página | Páginas 75 |
| 942 ## - TIPO DE MATERIAL (KOHA) | |
| Tipo de Item KOHA | Artículos de Revista |
No hay ítems disponibles.
